[Event "A.J. Fink Memorial Championship (u2200)"]
[Site "San Francisco, United States"]
[Date "????.??.??"]
[Round "1.4"]
[White "Chang, Simon"]
[Black "Pullela, Sricharan"]
[Result "1/2-1/2"]
[TimeControl "G/45;d5"]
[WhiteFideId "30951089"]
[BlackFideId "30951089"]
[WhiteElo "1721"]
[BlackElo "1991"]

1. e4 {[%clk 00:45:00]} {[%emt 00:00:03]} d6 {[%clk 00:44:44]} {[%emt
00:00:22]} 2. d4 {[%clk 00:44:57]} {[%emt 00:00:09]} Nf6 {[%clk 00:44:44]}
{[%emt 00:00:05]} 3. Bd3 {[%clk 00:44:52]} {[%emt 00:00:09]} e5 {[%clk
00:42:26]} {[%emt 00:02:23]} 4. c3 {[%clk 00:44:23]} {[%emt 00:00:34]} c6
{[%clk 00:40:33]} {[%emt 00:01:58]} 5. Nf3 {[%clk 00:42:35]} {[%emt 00:01:53]}
Qc7 {[%clk 00:38:12]} {[%emt 00:02:27]} 6. Nbd2 {[%clk 00:41:23]} {[%emt
00:01:17]} Be7 {[%clk 00:37:03]} {[%emt 00:01:13]} 7. h3 {[%clk 00:39:57]}
{[%emt 00:01:31]} Nbd7 {[%clk 00:36:31]} {[%emt 00:00:37]} 8. O-O {[%clk
00:37:59]} {[%emt 00:02:04]} O-O {[%clk 00:36:26]} {[%emt 00:00:09]} 9. Nc4
{[%clk 00:35:59]} {[%emt 00:02:06]} b5 {[%clk 00:29:28]} {[%emt 00:07:02]} 10.
Ne3 {[%clk 00:34:21]} {[%emt 00:01:43]} Nb6 {[%clk 00:29:16]} {[%emt 00:00:17]}
11. b3 {[%clk 00:32:06]} {[%emt 00:02:20]} Re8 {[%clk 00:20:16]} {[%emt
00:09:04]} 12. Bb2 {[%clk 00:24:54]} {[%emt 00:07:17]} Bf8 {[%clk 00:18:09]}
{[%emt 00:02:13]} 13. Qc2 {[%clk 00:20:46]} {[%emt 00:04:12]} Nbd7 {[%clk
00:11:30]} {[%emt 00:06:44]} 14. c4 {[%clk 00:17:59]} {[%emt 00:02:53]} exd4
{[%clk 00:10:19]} {[%emt 00:01:15]} 15. Nxd4 {[%clk 00:16:54]} {[%emt
00:01:10]} b4 {[%clk 00:09:53]} {[%emt 00:00:32]} 16. Rad1 {[%clk 00:12:50]}
{[%emt 00:04:09]} Ne5 {[%clk 00:09:14]} {[%emt 00:00:44]} 17. f3 {[%clk
00:12:16]} {[%emt 00:00:38]} Nh5 {[%clk 00:07:46]} {[%emt 00:01:32]} 18. Ne2
{[%clk 00:10:21]} {[%emt 00:02:00]} Qe7 {[%clk 00:06:56]} {[%emt 00:00:56]} 19.
Qd2 {[%clk 00:08:54]} {[%emt 00:01:31]} a5 {[%clk 00:05:17]} {[%emt 00:01:45]}
20. Bb1 {[%clk 00:08:13]} {[%emt 00:00:47]} Nf6 {[%clk 00:04:44]} {[%emt
00:00:38]} 21. Nd4 {[%clk 00:07:01]} {[%emt 00:01:17]} Qc7 {[%clk 00:03:52]}
{[%emt 00:00:57]} 22. Ndf5 {[%clk 00:05:55]} {[%emt 00:01:11]} Bxf5 {[%clk
00:02:48]} {[%emt 00:01:09]} 23. Nxf5 {[%clk 00:05:55]} {[%emt 00:00:05]} Rad8
{[%clk 00:02:48]} {[%emt 00:00:04]} 24. f4 {[%clk 00:05:18]} {[%emt 00:00:42]}
Ng6 {[%clk 00:02:12]} {[%emt 00:00:40]} 25. Bxf6 {[%clk 00:05:07]} {[%emt
00:00:15]} gxf6 {[%clk 00:02:12]} {[%emt 00:00:02]} 26. Qd4 {[%clk 00:04:55]}
{[%emt 00:00:18]} Be7 {[%clk 00:01:46]} {[%emt 00:00:32]} 27. Rd2 {[%clk
00:04:23]} {[%emt 00:00:37]} Qd7 {[%clk 00:01:15]} {[%emt 00:00:36]} 28. Qf2
{[%clk 00:03:36]} {[%emt 00:00:52]} Bf8 {[%clk 00:01:11]} {[%emt 00:00:09]} 29.
h4 {[%clk 00:03:20]} {[%emt 00:00:20]} Qe6 {[%clk 00:01:05]} {[%emt 00:00:12]}
30. h5 {[%clk 00:03:11]} {[%emt 00:00:14]} Ne7 {[%clk 00:01:05]} {[%emt
00:00:03]} 31. Rfd1 {[%clk 00:02:07]} {[%emt 00:01:09]} Nxf5 {[%clk 00:01:05]}
{[%emt 00:00:04]} 32. exf5 {[%clk 00:02:07]} {[%emt 00:00:05]} Qe3 {[%clk
00:01:05]} {[%emt 00:00:03]} 33. Qxe3 {[%clk 00:01:28]} {[%emt 00:00:44]} Rxe3
{[%clk 00:01:05]} {[%emt 00:00:01]} 34. Kf2 {[%clk 00:01:28]} Rde8 {[%clk
00:01:04]} {[%emt 00:00:07]} 35. Bd3 {[%clk 00:01:17]} {[%emt 00:00:15]} Bh6
{[%clk 00:00:57]} {[%emt 00:00:13]} 36. g3 {[%clk 00:00:42]} {[%emt 00:00:40]}
Bf8 {[%clk 00:00:57]} {[%emt 00:00:03]} 37. Re2 {[%clk 00:00:38]} {[%emt
00:00:10]} Rxe2+ {[%clk 00:00:57]} 38. Bxe2 {[%clk 00:00:38]} Kg7 {[%clk
00:00:53]} {[%emt 00:00:09]} 39. Bf3 {[%clk 00:00:38]} {[%emt 00:00:01]} c5
{[%clk 00:00:34]} {[%emt 00:00:24]} 40. Rd3 {[%clk 00:00:38]} {[%emt 00:00:02]}
Rc8 {[%clk 00:00:34]} {[%emt 00:00:03]} 41. Re3 {[%clk 00:00:38]} {[%emt
00:00:04]} h6 {[%clk 00:00:34]} {[%emt 00:00:04]} 42. Ke2 {[%clk 00:00:35]}
{[%emt 00:00:09]} Rc7 {[%clk 00:00:34]} 43. Kd3 {[%clk 00:00:35]} Ra7 {[%clk
00:00:34]} 44. Re8 {[%clk 00:00:35]} {[%emt 00:00:04]} a4 {[%clk 00:00:34]}
{[%emt 00:00:04]} 45. Bd1 {[%clk 00:00:18]} {[%emt 00:00:22]} axb3 {[%clk
00:00:34]} {[%emt 00:00:02]} 46. axb3 {[%clk 00:00:18]} Ra1 {[%clk 00:00:34]}
{[%emt 00:00:02]} 47. Be2 {[%clk 00:00:11]} {[%emt 00:00:12]} Rg1 {[%clk
00:00:34]} {[%emt 00:00:01]} 48. Re3 {[%clk 00:00:11]} {[%emt 00:00:02]} Rb1
{[%clk 00:00:34]} {[%emt 00:00:02]} 49. Kc2 {[%clk 00:00:11]} Re1 {[%clk
00:00:34]} {[%emt 00:00:03]} 50. Kd2 {[%clk 00:00:11]} {[%emt 00:00:02]} Ra1
{[%clk 00:00:34]} 51. Kc2 {[%clk 00:00:11]} {[%emt 00:00:02]} Ra2+ {[%clk
00:00:34]} {[%emt 00:00:05]} 52. Kb1 {[%clk 00:00:11]} Rd2 {[%clk 00:00:34]}
{[%emt 00:00:03]} 53. Kc1 {[%clk 00:00:11]} {[%emt 00:00:02]} Rd4 {[%clk
00:00:34]} {[%emt 00:00:01]} 54. Kc2 {[%clk 00:00:11]} {[%emt 00:00:02]} d5
{[%clk 00:00:23]} {[%emt 00:00:16]} 55. cxd5 {[%clk 00:00:11]} {[%emt
00:00:05]} Rxd5 {[%clk 00:00:23]} 56. Bd3 {[%clk 00:00:11]} {[%emt 00:00:05]}
Rd7 {[%clk 00:00:23]} {[%emt 00:00:03]} 57. Bc4 {[%clk 00:00:11]} {[%emt
00:00:04]} Ra7 {[%clk 00:00:23]} {[%emt 00:00:02]} 58. Kb2 {[%emt 00:00:02]}
Bd6 {[%clk 00:00:23]} {[%emt 00:00:03]} 59. Rf3 {[%clk 00:00:11]} {[%emt
00:00:02]} Re7 {[%clk 00:00:23]} {[%emt 00:00:02]} 60. g4 {[%clk 00:00:11]}
{[%emt 00:00:03]} Re1 {[%clk 00:00:23]} {[%emt 00:00:04]} 61. Rg3 {[%clk
00:00:04]} {[%emt 00:00:12]} Bxf4 {[%clk 00:00:23]} {[%emt 00:00:02]} 62. Rf3
{[%clk 00:00:04]} {[%emt 00:00:02]} Be5+ {[%clk 00:00:23]} 63. Kc2 {[%clk
00:00:04]} {[%emt 00:00:03]} Rg1 {[%clk 00:00:23]} {[%emt 00:00:03]} 64. Rd3
{[%clk 00:00:04]} {[%emt 00:00:05]} Rg2+ {[%clk 00:00:21]} {[%emt 00:00:07]} 65.
Kd1 {[%clk 00:00:04]} Rxg4 {[%clk 00:00:21]} {[%emt 00:00:03]} 66. Rd7 {[%clk
00:00:04]} Rg1+ {[%clk 00:00:20]} {[%emt 00:00:06]} 67. Ke2 {[%clk 00:00:04]}
Rg2+ {[%clk 00:00:19]} {[%emt 00:00:06]} 68. Kf3 {[%clk 00:00:04]} Rg3+ {[%clk
00:00:19]} {[%emt 00:00:01]} 69. Ke4 {[%clk 00:00:04]} {[%emt 00:00:03]} Rg4+
{[%clk 00:00:19]} {[%emt 00:00:03]} 70. Kf3 {[%clk 00:00:04]} {[%emt 00:00:02]}
Rf4+ {[%clk 00:00:19]} {[%emt 00:00:01]} 71. Ke3 {[%clk 00:00:04]} Rxf5 {[%clk
00:00:19]} {[%emt 00:00:03]} 72. Rxf7+ {[%clk 00:00:04]} {[%emt 00:00:02]} Kh8
{[%clk 00:00:19]} {[%emt 00:00:02]} 73. Rf8+ {[%clk 00:00:04]} Kh7 {[%clk
00:00:16]} {[%emt 00:00:08]} 74. Rf7+ {[%clk 00:00:04]} Kh8 {[%clk 00:00:16]}
{[%emt 00:00:03]} 75. Rf8+ {[%clk 00:00:04]} Kg7 {[%clk 00:00:16]} 76. Rf7+
{[%clk 00:00:04]} 1/2-1/2

[Event "A.J. Fink Memorial Championship (u2200)"]
[Site "San Francisco, United States"]
[Date "????.??.??"]
[Round "1.10"]
[White "Penagalapati, Anvitha"]
[Black "Wong, Andrew"]
[Result "0-1"]
[TimeControl "G/45;d5"]
[WhiteFideId "30954274"]
[BlackFideId "30986702"]
[WhiteElo "1627"]
[BlackElo "1844"]

1. e4 {[%clk 00:45:00]} {[%emt 00:00:02]} c5 {[%clk 00:44:59]} {[%emt
00:00:07]} 2. c3 {[%clk 00:45:00]} {[%emt 00:00:03]} g6 {[%clk 00:44:55]}
{[%emt 00:00:10]} 3. d4 {[%clk 00:44:59]} {[%emt 00:00:06]} cxd4 {[%clk
00:44:55]} {[%emt 00:00:05]} 4. cxd4 {[%clk 00:44:59]} {[%emt 00:00:03]} d5
{[%clk 00:44:49]} {[%emt 00:00:11]} 5. e5 {[%clk 00:43:46]} {[%emt 00:01:19]}
Nc6 {[%clk 00:44:46]} {[%emt 00:00:08]} 6. Nf3 {[%clk 00:43:28]} {[%emt
00:00:21]} Bg7 {[%clk 00:44:12]} {[%emt 00:00:40]} 7. Nc3 {[%clk 00:43:07]}
{[%emt 00:00:26]} Nh6 {[%clk 00:42:18]} {[%emt 00:01:59]} 8. Bg5 {[%clk
00:41:34]} {[%emt 00:01:38]} f6 {[%clk 00:39:39]} {[%emt 00:02:45]} 9. exf6
{[%clk 00:37:31]} {[%emt 00:04:07]} exf6 {[%clk 00:39:25]} {[%emt 00:00:18]} 10.
Bf4 {[%clk 00:34:44]} {[%emt 00:02:52]} O-O {[%clk 00:38:20]} {[%emt 00:01:11]}
11. Qb3 {[%clk 00:32:01]} {[%emt 00:02:49]} Re8+ {[%clk 00:32:42]} {[%emt
00:05:42]} 12. Be2 {[%clk 00:31:30]} {[%emt 00:00:36]} Nf5 {[%clk 00:28:00]}
{[%emt 00:04:47]} 13. Qxd5+ {[%clk 00:26:12]} {[%emt 00:05:23]} Be6 {[%clk
00:25:15]} {[%emt 00:02:51]} 14. Qxd8 {[%emt 00:00:39]} Raxd8 15. O-O-O Ncxd4
16. Nxd4 {[%clk 00:25:38]} Nxd4 {[%clk 00:24:39]} 17. Bd3 {[%clk 00:17:31]}
{[%emt 00:10:59]} f5 {[%clk 00:15:42]} {[%emt 00:07:15]} 18. Kb1 {[%clk
00:15:41]} {[%emt 00:01:55]} a6 {[%clk 00:13:49]} {[%emt 00:01:59]} 19. Rhe1
{[%clk 00:14:14]} {[%emt 00:01:30]} b5 {[%clk 00:11:22]} {[%emt 00:02:34]} 20.
Bg5 {[%clk 00:11:48]} {[%emt 00:02:31]} Rc8 {[%clk 00:09:31]} {[%emt 00:01:56]}
21. Ne2 {[%clk 00:10:26]} {[%emt 00:01:26]} Nc6 {[%clk 00:08:30]} {[%emt
00:01:07]} 22. Nf4 {[%clk 00:08:52]} {[%emt 00:01:39]} Bf7 {[%clk 00:07:35]}
{[%emt 00:01:00]} 23. Bh4 {[%clk 00:08:22]} {[%emt 00:00:35]} Bh6 {[%clk
00:04:49]} {[%emt 00:02:50]} 24. Bf6 {[%clk 00:07:49]} {[%emt 00:00:37]} Bxf4
{[%clk 00:03:54]} {[%emt 00:01:01]} 25. g3 {[%clk 00:07:41]} {[%emt 00:00:13]}
Be5 {[%clk 00:03:16]} {[%emt 00:00:43]} 26. Bg5 {[%clk 00:07:27]} {[%emt
00:00:19]} Bg7 {[%clk 00:03:08]} {[%emt 00:00:13]} 27. Be3 {[%clk 00:06:54]}
{[%emt 00:00:38]} Nb4 {[%clk 00:02:58]} {[%emt 00:00:15]} 28. a3 {[%clk
00:06:05]} {[%emt 00:00:54]} Nxd3 {[%clk 00:02:52]} {[%emt 00:00:11]} 29. Rxd3
{[%clk 00:06:05]} {[%emt 00:00:02]} Bc4 {[%clk 00:02:38]} {[%emt 00:00:18]} 30.
Rd7 {[%clk 00:05:58]} {[%emt 00:00:12]} Rcd8 {[%clk 00:02:20]} {[%emt
00:00:23]} 31. Ra7 {[%clk 00:05:38]} {[%emt 00:00:25]} Ra8 {[%clk 00:02:13]}
{[%emt 00:00:12]} 32. Rd7 {[%clk 00:05:05]} {[%emt 00:00:37]} Bh6 {[%clk
00:02:07]} {[%emt 00:00:11]} 33. Kc2 {[%clk 00:03:56]} {[%emt 00:01:15]} Bxe3
{[%clk 00:01:59]} {[%emt 00:00:13]} 34. fxe3 {[%clk 00:03:53]} {[%emt
00:00:08]} Re4 {[%clk 00:01:50]} {[%emt 00:00:14]} 35. h3 {[%clk 00:03:44]}
{[%emt 00:00:14]} Bf7 {[%clk 00:01:37]} {[%emt 00:00:17]} 36. Kd2 {[%clk
00:03:35]} {[%emt 00:00:15]} Rc8 {[%clk 00:01:29]} {[%emt 00:00:13]} 37. Kd3
{[%clk 00:03:25]} {[%emt 00:00:15]} Bc4+ {[%clk 00:01:29]} {[%emt 00:00:02]} 38.
Kd2 {[%clk 00:03:25]} {[%emt 00:00:04]} Bb3 {[%clk 00:01:29]} {[%emt 00:00:02]}
39. Rb1 {[%clk 00:02:52]} {[%emt 00:00:38]} Rc2+ {[%clk 00:01:27]} {[%emt
00:00:07]} 40. Kd3 {[%clk 00:02:46]} {[%emt 00:00:10]} Rg2 {[%clk 00:01:12]}
{[%emt 00:00:21]} 41. Rc1 {[%clk 00:02:41]} {[%emt 00:00:10]} Bc4+ {[%clk
00:01:12]} {[%emt 00:00:02]} 42. Kc3 {[%clk 00:02:37]} {[%emt 00:00:08]} Rxe3+
{[%clk 00:01:12]} {[%emt 00:00:02]} 43. Kb4 {[%clk 00:02:37]} {[%emt 00:00:02]}
Rxb2+ {[%clk 00:01:10]} {[%emt 00:00:07]} 44. Kc5 {[%clk 00:02:37]} {[%emt
00:00:03]} Re5+ {[%clk 00:01:09]} {[%emt 00:00:06]} 45. Kd6 {[%clk 00:02:28]}
{[%emt 00:00:15]} Rd2+ {[%clk 00:01:09]} {[%emt 00:00:04]} 46. Kxe5 {[%clk
00:02:25]} {[%emt 00:00:07]} Rxd7 {[%clk 00:01:09]} {[%emt 00:00:02]} 47. a4
{[%clk 00:02:19]} {[%emt 00:00:11]} Rd5+ {[%clk 00:01:09]} {[%emt 00:00:04]} 48.
Kf4 {[%clk 00:02:16]} {[%emt 00:00:08]} Bb3 {[%clk 00:01:08]} {[%emt 00:00:06]}
49. axb5 {[%clk 00:02:15]} {[%emt 00:00:07]} axb5 {[%clk 00:01:08]} 50. Rb1
{[%clk 00:02:10]} {[%emt 00:00:09]} Bc4 {[%clk 00:01:08]} {[%emt 00:00:01]} 51.
Re1 {[%clk 00:02:03]} {[%emt 00:00:12]} Kf7 {[%clk 00:01:08]} {[%emt 00:00:02]}
52. Ra1 {[%clk 00:01:59]} {[%emt 00:00:09]} b4 {[%clk 00:01:08]} {[%emt
00:00:04]} 53. Ra7+ {[%clk 00:01:59]} {[%emt 00:00:03]} Ke6 {[%clk 00:01:08]}
{[%emt 00:00:02]} 54. Ra1 {[%clk 00:01:50]} {[%emt 00:00:15]} b3 {[%clk
00:01:08]} {[%emt 00:00:03]} 55. Rb1 {[%clk 00:01:50]} {[%emt 00:00:01]} Rd3
{[%clk 00:01:08]} {[%emt 00:00:04]} 0-1

[Event "A.J. Fink Memorial Championship (u2200)"]
[Site "San Francisco, United States"]
[Date "????.??.??"]
[Round "1.8"]
[White "Shi, Yuelin"]
[Black "Maser, Thomas"]
[Result "1-0"]
[TimeControl "G/45;d5"]
[WhiteFideId "30961122"]
[BlackFideId "2023245"]
[WhiteElo "1671"]
[BlackElo "1900"]

1. d4 {[%clk 00:45:00]} {[%emt 00:00:01]} Nf6 {[%clk 00:44:59]} {[%emt
00:00:06]} 2. c4 {[%clk 00:45:00]} {[%emt 00:00:03]} e6 {[%clk 00:44:59]}
{[%emt 00:00:05]} 3. Nc3 {[%clk 00:45:00]} {[%emt 00:00:05]} c5 {[%clk
00:44:53]} {[%emt 00:00:10]} 4. e3 {[%clk 00:44:57]} {[%emt 00:00:09]} d5
{[%clk 00:44:44]} {[%emt 00:00:14]} 5. Nf3 {[%clk 00:44:47]} {[%emt 00:00:15]}
Nc6 {[%clk 00:44:37]} {[%emt 00:00:12]} 6. Be2 {[%clk 00:44:39]} {[%emt
00:00:13]} dxc4 {[%clk 00:44:03]} {[%emt 00:00:39]} 7. Bxc4 {[%clk 00:44:36]}
{[%emt 00:00:09]} cxd4 {[%clk 00:43:39]} {[%emt 00:00:28]} 8. exd4 {[%clk
00:44:27]} {[%emt 00:00:14]} Be7 {[%clk 00:42:55]} {[%emt 00:00:49]} 9. O-O
{[%clk 00:44:22]} {[%emt 00:00:10]} O-O {[%clk 00:42:55]} {[%emt 00:00:05]} 10.
h3 {[%clk 00:43:48]} {[%emt 00:00:40]} a6 {[%clk 00:42:50]} {[%emt 00:00:10]}
11. Be3 {[%clk 00:43:33]} {[%emt 00:00:20]} b5 {[%clk 00:41:29]} {[%emt
00:01:26]} 12. Bd3 {[%clk 00:43:12]} {[%emt 00:00:25]} Bb7 {[%clk 00:40:46]}
{[%emt 00:00:48]} 13. Bc2 {[%clk 00:42:13]} {[%emt 00:01:05]} Nb4 {[%clk
00:39:50]} {[%emt 00:01:01]} 14. Ne5 {[%clk 00:41:01]} {[%emt 00:01:17]} Nxc2
{[%clk 00:38:51]} {[%emt 00:01:03]} 15. Qxc2 {[%clk 00:40:40]} {[%emt
00:00:26]} Rc8 {[%clk 00:38:44]} {[%emt 00:00:12]} 16. Qd2 {[%clk 00:39:06]}
{[%emt 00:01:26]} b4 {[%clk 00:35:57]} {[%emt 00:03:06]} 17. Na4 {[%clk
00:37:09]} {[%emt 00:02:02]} Ne4 {[%clk 00:33:57]} {[%emt 00:02:04]} 18. Qd3
{[%clk 00:36:46]} {[%emt 00:00:28]} f6 {[%clk 00:32:37]} {[%emt 00:01:25]} 19.
Nc4 {[%clk 00:35:42]} {[%emt 00:01:03]} Bc6 {[%clk 00:28:05]} {[%emt 00:04:44]}
20. Ncb6 {[%clk 00:34:48]} {[%emt 00:00:59]} Rb8 {[%clk 00:24:08]} {[%emt
00:04:03]} 21. Qxa6 {[%clk 00:33:55]} {[%emt 00:00:58]} Qe8 {[%clk 00:23:22]}
{[%emt 00:00:50]} 22. Bf4 {[%clk 00:28:36]} {[%emt 00:05:24]} Bd6 {[%clk
00:18:03]} {[%emt 00:05:24]} 23. Bxd6 {[%clk 00:27:13]} {[%emt 00:01:28]} Nxd6
{[%clk 00:18:00]} {[%emt 00:00:08]} 24. Rfe1 {[%clk 00:26:09]} {[%emt
00:01:10]} Bxa4 {[%clk 00:17:27]} {[%emt 00:00:37]} 25. Nxa4 {[%clk 00:25:46]}
{[%emt 00:00:29]} Nf5 {[%clk 00:12:04]} {[%emt 00:05:26]} 26. Qxe6+ {[%emt
00:01:42]} Qxe6 {[%clk 00:11:46]} {[%emt 00:00:03]} 27. Rxe6 {[%clk 00:24:28]}
{[%emt 00:00:07]} Nxd4 {[%clk 00:11:46]} {[%emt 00:00:04]} 28. Rb6 {[%clk
00:22:51]} {[%emt 00:01:42]} Ra8 {[%clk 00:11:14]} {[%emt 00:00:36]} 29. b3
{[%clk 00:21:24]} {[%emt 00:01:34]} Rfc8 {[%clk 00:10:11]} {[%emt 00:01:08]} 30.
Rd1 {[%clk 00:20:28]} {[%emt 00:00:55]} Ne2+ {[%emt 00:02:47]} 31. Kf1 {[%clk
00:19:49]} {[%emt 00:00:31]} Rc2 {[%clk 00:07:44]} {[%emt 00:00:07]} 32. Rxb4
{[%clk 00:19:09]} {[%emt 00:00:46]} Rxa2 {[%clk 00:07:19]} {[%emt 00:00:30]} 33.
Re4 {[%clk 00:19:06]} {[%emt 00:00:07]} R2xa4 {[%clk 00:06:58]} {[%emt
00:00:27]} 34. Rxa4 {[%clk 00:19:03]} {[%emt 00:00:08]} 1-0

[Event "A.J. Fink Memorial Championship (u2200)"]
[Site "San Francisco, United States"]
[Date "????.??.??"]
[Round "1.7"]
[White "Dutter, Frederick"]
[Black "Sun, Kevin"]
[Result "1/2-1/2"]
[TimeControl "G/45;d5"]
[WhiteFideId "2091046"]
[BlackFideId "30972116"]
[WhiteElo "1900"]
[BlackElo "1683"]

1. e4 {[%clk 00:44:31]} {[%emt 00:00:34]} c5 {[%clk 00:44:59]} {[%emt
00:00:06]} 2. Nf3 {[%clk 00:44:30]} {[%emt 00:00:06]} Nc6 {[%clk 00:44:56]}
{[%emt 00:00:08]} 3. Bb5 {[%clk 00:44:24]} {[%emt 00:00:11]} g6 {[%clk
00:44:54]} {[%emt 00:00:07]} 4. O-O {[%clk 00:44:24]} {[%emt 00:00:05]} Bg7
{[%clk 00:44:50]} {[%emt 00:00:09]} 5. Re1 {[%clk 00:44:21]} {[%emt 00:00:08]}
Nf6 {[%clk 00:44:43]} {[%emt 00:00:12]} 6. c3 {[%clk 00:42:51]} {[%emt
00:01:35]} O-O {[%clk 00:44:25]} {[%emt 00:00:24]} 7. d4 {[%clk 00:42:15]}
{[%emt 00:00:40]} d5 {[%clk 00:43:56]} {[%emt 00:00:34]} 8. e5 {[%clk
00:41:29]} {[%emt 00:00:52]} Ne4 {[%clk 00:43:05]} {[%emt 00:00:56]} 9. Be3
{[%clk 00:38:57]} {[%emt 00:02:34]} cxd4 {[%clk 00:40:13]} {[%emt 00:02:59]} 10.
cxd4 {[%clk 00:38:31]} {[%emt 00:00:31]} Qb6 {[%clk 00:38:09]} {[%emt
00:02:10]} 11. Qe2 {[%clk 00:34:39]} {[%emt 00:03:54]} a6 {[%clk 00:30:46]}
{[%emt 00:07:30]} 12. Bxc6 {[%clk 00:27:23]} {[%emt 00:07:21]} bxc6 {[%clk
00:29:37]} {[%emt 00:01:15]} 13. Nc3 {[%clk 00:27:03]} {[%emt 00:00:24]} Nxc3
14. bxc3 {[%clk 00:27:03]} Bf5 {[%clk 00:25:44]} {[%emt 00:03:12]} 15. h3
{[%clk 00:23:11]} {[%emt 00:03:58]} Qb5 {[%clk 00:24:12]} {[%emt 00:01:37]} 16.
a4 {[%clk 00:22:07]} {[%emt 00:01:08]} Qxe2 {[%clk 00:23:28]} {[%emt 00:00:50]}
17. Rxe2 {[%clk 00:22:07]} {[%emt 00:00:01]} Rfb8 {[%clk 00:22:31]} {[%emt
00:01:02]} 18. g4 {[%clk 00:21:08]} {[%emt 00:01:04]} Bd3 {[%clk 00:21:46]}
{[%emt 00:00:51]} 19. Rd2 {[%clk 00:20:50]} {[%emt 00:00:22]} Bc4 {[%clk
00:21:12]} {[%emt 00:00:40]} 20. Ne1 {[%clk 00:20:21]} {[%emt 00:00:34]} Rb3
{[%clk 00:19:00]} {[%emt 00:02:17]} 21. Rc1 {[%clk 00:19:33]} {[%emt 00:00:53]}
Rab8 {[%clk 00:18:20]} {[%emt 00:00:46]} 22. Nd3 {[%clk 00:18:22]} {[%emt
00:01:13]} Bxd3 {[%clk 00:16:50]} {[%emt 00:01:37]} 23. Rxd3 {[%clk 00:18:22]}
{[%emt 00:00:04]} Ra3 {[%clk 00:16:44]} {[%emt 00:00:11]} 24. Rdd1 {[%clk
00:15:46]} {[%emt 00:02:42]} Rbb3 {[%clk 00:14:16]} {[%emt 00:02:32]} 25. c4
{[%clk 00:14:47]} {[%emt 00:01:04]} Rb8 {[%clk 00:09:44]} {[%emt 00:04:37]} 26.
cxd5 {[%clk 00:14:29]} {[%emt 00:00:23]} cxd5 {[%clk 00:09:34]} {[%emt
00:00:16]} 27. Ra1 {[%clk 00:12:52]} {[%emt 00:01:41]} Rxa1 {[%clk 00:09:15]}
{[%emt 00:00:24]} 28. Rxa1 {[%clk 00:12:52]} {[%emt 00:00:01]} f6 {[%clk
00:08:07]} {[%emt 00:01:13]} 29. f4 {[%clk 00:10:22]} {[%emt 00:02:35]} fxe5
{[%clk 00:07:28]} {[%emt 00:00:44]} 30. fxe5 {[%clk 00:10:21]} {[%emt
00:00:05]} Rb3 {[%clk 00:07:17]} {[%emt 00:00:17]} 31. Kf2 {[%clk 00:10:01]}
{[%emt 00:00:24]} Kf7 {[%clk 00:06:40]} {[%emt 00:00:44]} 32. h4 {[%clk
00:08:58]} {[%emt 00:01:06]} Ke6 {[%clk 00:05:51]} {[%emt 00:00:54]} 33. Rc1
{[%clk 00:08:36]} {[%emt 00:00:27]} Kd7 {[%clk 00:04:40]} {[%emt 00:01:18]} 34.
Rc5 {[%clk 00:08:26]} {[%emt 00:00:13]} e6 {[%clk 00:04:28]} {[%emt 00:00:18]}
35. Ra5 {[%clk 00:08:24]} {[%emt 00:00:06]} Rb6 {[%clk 00:04:18]} {[%emt
00:00:16]} 36. Rc5 {[%clk 00:07:31]} {[%emt 00:00:59]} Bf8 {[%clk 00:04:02]}
{[%emt 00:00:20]} 37. Rc2 {[%clk 00:07:24]} {[%emt 00:00:09]} Rb4 {[%clk
00:03:42]} {[%emt 00:00:29]} 38. Ra2 {[%clk 00:07:23]} {[%emt 00:00:05]} h5
{[%clk 00:03:18]} {[%emt 00:00:29]} 39. g5 {[%clk 00:06:21]} {[%emt 00:01:07]}
Kc6 {[%clk 00:02:53]} {[%emt 00:00:31]} 40. Ke2 {[%clk 00:06:00]} {[%emt
00:00:24]} Kb6 {[%clk 00:02:29]} {[%emt 00:00:30]} 41. Kd3 {[%clk 00:04:20]}
{[%emt 00:01:45]} Rb3+ {[%clk 00:02:02]} {[%emt 00:00:33]} 42. Ke2 {[%clk
00:03:34]} {[%emt 00:00:49]} Ra3 {[%clk 00:01:41]} {[%emt 00:00:28]} 43. Rb2+
{[%clk 00:02:26]} {[%emt 00:01:10]} Kc7 {[%clk 00:01:27]} {[%emt 00:00:21]} 44.
Rc2+ {[%clk 00:02:07]} {[%emt 00:00:24]} Kb7 {[%clk 00:01:24]} {[%emt
00:00:09]} 45. Rb2+ {[%clk 00:02:07]} {[%emt 00:00:04]} Kc7 {[%clk 00:01:24]}
{[%emt 00:00:05]} 46. Rc2+ {[%clk 00:02:07]} {[%emt 00:00:01]} Kb7 {[%clk
00:01:24]} {[%emt 00:00:02]} 47. Rb2+ {[%clk 00:02:07]} 1/2-1/2